Growth performance of clonal seedling families under test on estates (Record no. 60155)

MARC details
000 -LEADER
fixed length control field 00413nam a2200157Ia 4500
100 ## - MAIN ENTRY--AUTHOR NAME
Personal name Nair V K B
245 #0 - TITLE STATEMENT
Title Growth performance of clonal seedling families under test on estates
260 ## - PUBLICATION, DISTRIBUTION, ETC. (IMPRINT)
Name of publisher Rubber Board Bulletin
Year of publication 1965
300 ## - PHYSICAL DESCRIPTION
Number of Pages 20-23 & 31
650 ## - SUBJECT ADDED ENTRY--TOPICAL TERM
Topical Term Clonal seedling
650 ## - SUBJECT ADDED ENTRY--TOPICAL TERM
Topical Term Growth
650 ## - SUBJECT ADDED ENTRY--TOPICAL TERM
Topical Term Planting
650 ## - SUBJECT ADDED ENTRY--TOPICAL TERM
Topical Term Rubber
942 ## - ADDED ENTRY ELEMENTS (KOHA)
Koha item type Journals
Holdings
Withdrawn status Lost status Damaged status Not for loan Home library Current library Shelving location Date acquired Serial Enumeration / chronology Koha item type
      Journals RRII Library RRII Library Botany 17/12/2021 Volume 8, Issue 1 Journals